000 00815nam a2200253Ia 4500
003 GCL
008 140319s9999 xx 000 0 ara d
040 _aGCL /
_cGCL
082 0 4 _a155.232
_bم ت
100 1 _aمحمد يوسف
245 1 0 _aالتعصب والعدوان فى الرياضة :
_bرؤية نفسية - اجتماعية /
_cمحمد يوسف
250 _aالاولى
260 _aالقاهرة :
_bمكتبة الانجلوالمصرية ،
_c2002
300 _a422 ص ؛
_c24 سم
650 0 4 _aالتعصب
650 0 4 _aالعنف
650 0 4 _aوسائل الاعلام
650 0 4 _aالتخريب والتدمير
650 0 4 _aالعدوانية
650 0 4 _aالسلوك الشاذ
650 0 4 _aالشغب
650 0 4 _aالتعصب الرياضى
942 _2ddc
_cBK
999 _c56720
_d56720